| 000 | 00838nam a22002177a 4500 | ||
|---|---|---|---|
| 003 | OSt | ||
| 005 | 20260302084935.0 | ||
| 008 | 260302b |||||||| |||| 00| 0 eng d | ||
| 020 | _a9789711903008 | ||
| 040 |
_aDWCL GS lib _cOC |
||
| 082 | _aFic. G716t 2010 | ||
| 100 | _aGourlay, Candy | ||
| 245 |
_aTall Story _cCandy Gourlay |
||
| 260 |
_aPhilippines _bCacho Publishing House _cc2010. |
||
| 300 |
_avii, 233 pages: _billustrations _c23cm. |
||
| 520 | _aTall Story is a humorous and moving novel about Andi, a teen who finally meets her half-brother, Bernardo, from the Philippines. Andi deeply wishes to play on the school basketball team but despite her passion, her shorter-than-average height is an obstacle to her success. | ||
| 650 | _aNovel | ||
| 650 | _aFiction | ||
| 700 | _aCandy Gourlay | ||
| 942 |
_2ddc _cFIC. _hFic. _n0 |
||
| 999 |
_c8593 _d8593 |
||